00735nam a22001937a 4500999001900000005001700019010001500036020002600051035001400077037001300091082001200104100002200116245012300138260002500261270008600286300002100372942002600393952012200419 c187538d18753820220422130853.0 aENG-132355 a9789389226225c150.00 aEN-115887 bDBAD/PUB a624.023 aRajendran, Kannan aCareer Opportunities in Civil Engineering:bA guide to Choose Your Job Profile in Civil Engineering/cKannan Rajendran aChennaibCoralc2019 aNo.8,6th Cross, 8th Main Road, Vaishnavi Nagar, ThriumullaivoyalbChennaie600109 a168p.c22cm(pbk) 2ddccENh624.023mRAJ 001040708NFICaBNbBNd2022-04-22eDBAD/PUBg150.00l0o624.023 RAJpEN-115887r2022-04-22 00:00:00t1v150.00yEN